| 000 | 00484cam a2200181ua 4500 | ||
|---|---|---|---|
| 020 |
_a81 203 1169 8 _c295.00 |
||
| 041 |
_aeng _h |
||
| 082 |
_a004.6074 _bKEN/CO |
||
| 100 | _aKent, Peter . | ||
| 245 |
_aComplete idiot`s guide to the internet / _cPeter Kent. _hTextual Documents |
||
| 250 |
_a3 / _b. |
||
| 260 |
_aNew Delhi : _bPrentice Hall of India Pvt Ltd. , _c1997. |
||
| 300 | _a393 ; . | ||
| 365 | _a295.00 | ||
| 504 | _a | ||
| 942 | _cBK | ||
| 999 |
_c9596 _d9596 |
||